Etica desde el otro: como el salmón. Ensayo de moral profesional para trabajadores sociales, docentes, psicólogos y

Saved in:
書目詳細資料
主要作者: Brunero, María Alicia (Author)
格式: 圖書
語言:西班牙语
出版: Buenos Aires Grupo Editorial Lumen 2002
版:1a. ed
叢編:Humanitas
主題:
標簽: 添加標簽
沒有標簽, 成為第一個標記此記錄!

MARC

LEADER 00000cam a2200000 a 4500
001 UCE5443
003 CL-VaPUC
008 150109e20020000ag |||||||||||||||||spa|d
020 |a 9870002404 
082 0 4 |a 158.2  |b BRU  |2 21 
100 0 |a Brunero, María Alicia  |e author  |9 578073 
245 1 0 |a Etica desde el otro: como el salmón. Ensayo de moral profesional para trabajadores sociales, docentes, psicólogos y 
250 |a 1a. ed 
300 |a 237 p 
942 |c BK 
945 |d 20150109 08:57:00  |a dcastane 
260 |a Buenos Aires  |b Grupo Editorial Lumen  |c 2002 
650 0 |a Relaciones interpersonales  |9 307056 
650 7 |a OTREDAD  |2 CL-VaPUC  |9 557563 
583 |a last modification  |c 20150109 08:57:00  |k Rodrigo Vera 
490 0 |a Humanitas 
999 |c 358161  |d 358159 
952 |0 0  |1 0  |3 erb  |4 0  |6 158_200000000000000_BRU_2002  |7 0  |8 A  |9 466697  |a BIBGIM  |b BIBGIM  |i 5133998  |o 158.2 BRU 2002  |p 5133998  |r 2025-01-15  |w 2019-11-23  |y BK  |z Catalogado en:20150109  |k SSL